कविता का आगमन: (कविता संग्रह) / (Record no. 11409)

MARC details
000 -LEADER
fixed length control field 01157 a2200229 4500
008 - FIXED-LENGTH DATA ELEMENTS--GENERAL INFORMATION
fixed length control field 080825t xxu||||| |||| 00| 0 hin d
010 ## - LIBRARY OF CONGRESS CONTROL NUMBER
LC control number HIN-82959
020 ## - INTERNATIONAL STANDARD BOOK NUMBER
International Standard Book Number 8179700550
Terms of availability 75.00
035 ## - SYSTEM CONTROL NUMBER
System control number HN-55305
037 ## - SOURCE OF ACQUISITION
Source of stock number/acquisition पु.प्र.अ.प्र/प्रका
082 ## - DEWEY DECIMAL CLASSIFICATION NUMBER
Classification number 821
100 ## - MAIN ENTRY--PERSONAL NAME
Personal name नवीन 'नीर'
245 ## - TITLE STATEMENT
Title कविता का आगमन: (कविता संग्रह) /
Statement of responsibility, etc नवीन 'नीर'
246 ## - VARYING FORM OF TITLE
Title proper/short title Kavita ka Aagman
Remainder of title by Naveen 'Neer'
260 ## - PUBLICATION, DISTRIBUTION, ETC. (IMPRINT)
Place of publication, distribution, etc गाजियाबाद
Name of publisher, distributor, etc रणविजय प्रकाशन
Date of publication, distribution, etc 2006
270 ## - ADDRESS
Address प्लाट नं- 146 द्वितीय तल, ज्ञानखंड-3,इंदिरापुरम
City गाजियाबाद
State or province (उ.प्र.)
Postal code 201010
300 ## - PHYSICAL DESCRIPTION
Extent 87पृ
Dimensions 22 सेमी (सजिल्द)
650 ## - SUBJECT ADDED ENTRY--TOPICAL TERM
Topical term or geographic name as entry element हिन्दी कविताएँ
650 ## - SUBJECT ADDED ENTRY--TOPICAL TERM
Topical term or geographic name as entry element Hindi Poems
942 ## - ADDED ENTRY ELEMENTS (KOHA)
Institution code [OBSOLETE] dpl
Koha item type Hindi Books
Call number prefix 821 / नवीन
Source of classification or shelving scheme Dewey Decimal Classification
Classification part 821
Call number suffix नवीन
Holdings
Withdrawn status Lost status Damaged status Not for loan Home library Current library Date acquired Cost, normal purchase price Total Checkouts Full call number Barcode Date last seen Copy number Uniform Resource Identifier Cost, replacement price Price effective from Koha item type
        D.B.Act.Division D.B.Act.Division   75.00   821 नवीन HN-55305 15/09/2008 1 12521 75.00 15/09/2008 Hindi Books

© Delhi Public Library
Hit Counter
free hit counter